000 00267nam a22001217a 4500
008 170503b xxu||||| |||| 00| 0 eng d
041 _aeng
080 _24TH
_a34
100 _a39
101 _aSHJ
245 _aFEDERAL PRACTICE DIGEST
_cWEST GROUP
942 _2udc
_cBK
999 _c12512
_d12512